Statistics for Isekai Anime Quiz

Click here to take the quiz!

General Stats

  • This quiz has been taken 646 times
  • The average score is 9 of 40

Answer Stats

HintAnswer% Correct
Death GameSword Art Online
71%
Spooky scary skeletonsOverlord
68%
Everyone is useless. At least it's funnyKonosuba
65%
Broke and CluelessRe:Zero
60%
You can't win, you can't liveNo Game No Life
52%
Dying wish: delete search historyThat Time I got Reincarnated as a Slime
44%
isekai'd with his class, he "dies" and comes back an edgelord with a haremArifureta: From Commonplace to World's Greatest
43%
A gate opens in Japan that leads to another world. Where they send people to learn about their culture.GATE: Thus The JSDF Fought There!
43%
Digital MonstersDigimon Adventure
41%
colloboration of isekai in another isekaiIsekai Quartet
41%
Kidnapped by a book multiple times. Goddammit.The Rising of the Shield Hero
40%
Devil working at McDonald'sDevil is a Part-Timer
39%
God asks to call him maybeIn Another World With My Smartphone
38%
In a game world with unlimited lives. The only penalty is small memory lossLog Horizon
33%
Demon Lord gets a harem.How Not to Summon a Demon Lord
30%
God uses religion as a weapon to isekai guy into a war world.The Saga of Tanya the Evil
29%
Quest to find books.Ascendence of a Bookworm
28%
Paranoid protaganist wants to be left aloneCautious Hero:This Hero is Overpowerd but Overly Cautious
19%
summoned by a pink haired tsundere, he acts as a slave.Familiar of Zero
19%
two friends get isekai'd with abnormally high magical power and a wind spirit.Isekai Cheat Magician
19%
MILFDo You Like Your Mom? Her Normal Attack is Two Attacks at Full Power
13%
Fantasy Gundam but isekaiKnights & Magic
13%
Seven high schoolers get isekai'd by plane crash and build a nuke.CHOYOYU: High School Prodigies Have it Easy Even in Another World
12%
Slaves that don't get the internet mad and somehow get guy laid.Death March to a Parallel World Rhapsody
11%
Kid gets hired to bring otaku culture to another worldOutbreak Company
11%
people with "gifts" are able to challenge each other in games to gain power.Problem Children are Coming from Another World Aren't They
10%
OP protaganist has no common sense and somehow has a wife after less than a year of being social.Wise Man's Grandchild
9%
Creations join the world of their gods and they work together to save the world.Re:Creators
7%
Average is not median. Does Japan know how to math?Didn't I Say to Make My Abilities Average in the Next Life?!
6%
In another world with amnesia.Grimgar: Ashes and Illusions
5%
Infinite possibilities.Infinite Dendrogram
5%
Little pink girl goes on a killing spreeGun Gale Online
4%
keep your suit spiffy demon lordMaou-sama, Retry!
4%
Furry ParadiseDog Days
3%
Perverted "True Hero" takes a thicc demon girl back from isekai world and goes to school.The Aesthetica of a Rogue Hero
3%
In a videogame, if you die, your account is deleted. When one of the party members dies in real life, the group quits. years later, the party member is found alive in game.Seven Senses of the Re'Union
2%
Norse Isekai. That's all I have to say about this dumpster fire of an anime. He has his smartphone and calls his sister all the time.Bringer of Ragnarok and Blesser of Einherjar
1%
MMORPG, more like Online Dating SimulatorRecovery of an MMO Junkie
1%
time travel with suicidal parents and isekai (duh)YU-NO: A girl who chants love at the bound of this world
1%
Pain be goneI Don't Like Being in Pain so I Think I'll Make a Full Defense Build
0%

Score Distribution

Percentile by Number Answered

Percent of People with Each Score

Your Score History

You have not taken this quiz